000 00597nam a22002417a 4500
001 BR9103989
003 BR-BrBNA
005 20230928093630.0
007 ta
008 230509b bl.||||| |||| 00| 0 por d
040 _aBR-BrBNA
_bpor
_cBiblioteca Nacional de Agricultura
041 _a(Por)
072 _aL01
_b7110
090 _ 7110 BR9103989
100 1 _aScheren, O.J.
245 1 _aApicultura racional
260 3 _aSao Paulo, SP (Brasil):
_bNobel,
_c1974.
300 _a109 p.
650 _aABELHA
650 _aAPICULTURA
909 _a202309
_bLucia
_c55
_dLucia Elande
942 _cBK
999 _c46125
_d46125